Statistics for Pacific Countries

Click here to take the quiz!

General Stats

  • This quiz has been taken 65 times
  • The average score is 10 of 11

Answer Stats

Answer% Correct
Fiji
94%
Marshall Islands
94%
Solomon Islands
94%
Nauru
90%
Kiribati
87%
Palau
87%
Tonga
87%
Vanuatu
87%
Tuvalu
84%
Samoa
81%
Federated states of Micronesia
77%

Score Distribution

Percentile by Number Answered

Percent of People with Each Score

Your Score History

You have not taken this quiz